<?xml version="1.0" encoding="UTF-8"?>
<record
    xmlns:xsi="http://www.w3.org/2001/XMLSchema-instance"
    xsi:schemaLocation="http://www.loc.gov/MARC21/slim http://www.loc.gov/standards/marcxml/schema/MARC21slim.xsd"
    xmlns="http://www.loc.gov/MARC21/slim">

  <leader>05015nam a22002897a 4500</leader>
  <controlfield tag="003">DO-SdBNP</controlfield>
  <controlfield tag="005">20210414124650.0</controlfield>
  <controlfield tag="008">210217b2001   dr  00| 0 spa d</controlfield>
  <datafield tag="020" ind1=" " ind2=" ">
    <subfield code="a">9993439134</subfield>
  </datafield>
  <datafield tag="040" ind1=" " ind2=" ">
    <subfield code="a">BPMSU</subfield>
    <subfield code="b">spa</subfield>
    <subfield code="c">BPMSU</subfield>
  </datafield>
  <datafield tag="082" ind1=" " ind2=" ">
    <subfield code="a">RD864.5</subfield>
    <subfield code="b">F727d, 2001</subfield>
    <subfield code="2">22</subfield>
  </datafield>
  <datafield tag="100" ind1=" " ind2=" ">
    <subfield code="a">Forner&#xED;n, Miguel &#xC1;ngel </subfield>
  </datafield>
  <datafield tag="245" ind1=" " ind2=" ">
    <subfield code="a">La dominicanidad viajera :</subfield>
    <subfield code="b">ensayos sobre di&#xE1;spora, cultura, sociedad,pol&#xED;tica y literatura en el Santo Domingo de fin de siglo /</subfield>
    <subfield code="c">Miguel &#xC1;ngel Forner&#xED;n ; editor Govanni Di Pietro</subfield>
  </datafield>
  <datafield tag="260" ind1=" " ind2=" ">
    <subfield code="a">Puerto Rico :</subfield>
    <subfield code="b">Imago Mundi,</subfield>
    <subfield code="e">Santo Domingo</subfield>
    <subfield code="c">2001.</subfield>
  </datafield>
  <datafield tag="300" ind1=" " ind2=" ">
    <subfield code="a">312 p. ;</subfield>
    <subfield code="c">23 cm. </subfield>
  </datafield>
  <datafield tag="500" ind1=" " ind2=" ">
    <subfield code="a">Incluye datos biogr&#xE1;ficos del autor  en la solapa de la cubierta.</subfield>
  </datafield>
  <datafield tag="505" ind1="0" ind2=" ">
    <subfield code="a">Pr&#xF3;logo  -- Por ah&#xED; viene Juanita  -- &#xA1;Lleg&#xF3; Juanita!  -- Los hijos de Juanita -- Un pa&#xED;s imaginado  -- La imaginaci&#xF3;n insular  -- Nosotros y la naci&#xF3;n  -- Env&#xED;o de valores  -- Retorno al pa&#xED;s natal  -- La otra naci&#xF3;n  -- El Lover -- Fundar la naci&#xF3;n  -- Hait&#xED; y nosotros  -- La verdadera historia de Makandal  -- Una dominicanidad angustiada  -- Un pa&#xED;s en construcci&#xF3;n  -- &#xBF;Del burro a la yipeta o de la yipeta al burro?  -- Naci&#xF3;n, lengua y emigraci&#xF3;n -- La lengua del emigrado  -- &#xBF;Por qu&#xE9; se va la gente del pa&#xED;s?  -- El Pe&#xF1;a G&#xF3;mez de todos  -- El emigrante como traidor  -- Convergencias  -- Divergencias  -- Perspectivas migratorias  -- El muerto viajero  -- Im&#xE1;genes del dominicano  -- El merengue que somos  -- La bachata: otro cantar  -- A ritmo de tambora y con saxofones  -- Un merengue que da la hora  -- Los dominicanos y la ciudadan&#xED;a americana  -- La vaca yel conuco  -- El pan chiquito de cada d&#xED;a  -- Don Mon habla por Manuel  -- El h&#xE9;roe Mon  -- Nuestro sentido de las leyes  -- Bosch y la educaci&#xF3;n  -- Una descripci&#xF3;n desoladora  -- Un malestar en la cultura  -- La cultura en muletas  -- Universidad y cultura  -- Los intelectuales  -- Intelectualidad de la miseria  -- Ten&#xED;a que llegar, Febrero  -- &#xBF;Una naci&#xF3;n esperanzada?  -- La esperanza...  -- No olvidemos a Hait&#xED;  -- Patria es...  -- El ocaso de los l&#xED;deres  -- &#xBF;Qui&#xE9;n defiende al pueblo?  -- Un bestiario pol&#xED;tico  -- Analfabetos cash  -- La comesola  -- De su mismo g&#xE9;nero  -- &#xBF;Es la econom&#xED;a un estado del alma?  -- &#xBF;C&#xF3;mo esta la cosa?  -- El estado en la orilla  -- El estado en el margen  -- Un estado polic&#xED;aco  -- Los generales en su laberinto  -- Ciudadanos o consumidores  -- Olvido del pasado  -- Pobres y consumidores  -- La econom&#xED;a salvaje  -- Curiosidades de la econom&#xED;a  -- El art&#xED;culo de las preguntas  -- Como el chivo sin ley  -- El presidente de Puerto Rico  -- Sobre los l&#xED;deres  -- &#xBF;Qui&#xE9;n administra mejor?  -- Entre la espadas, la palabra  -- El burro, cr&#xED;tico literario  -- La corrupci&#xF3;n como cultura  -- La pol&#xED;tica salvaje  -- La violencia nuestra  -- Las respuestas a la violencia  -- Mirada ir&#xF3;nica  -- Instrucciones para robots  -- La &#xFA;nica patria  -- Los proyectistas  -- &#xBF;Qui&#xE9;n legitima a qui&#xE9;n?  -- Los males del popularismo -- Pan y poes&#xED;a  -- Contra la reelecci&#xF3;n  -- La tecnoeuforia  -- Un concierto para la esperanza 197 -- La sombra del guerrero 199 -- Balaguer, el hombre  -- El hombre fuerte  -- Los que quieren enterrar a Balaguer  -- Se&#xF1;or, ora pro nobis  -- En mi hambre mando yo  -- De cosm&#xE9;tica y frivolidades  -- El alma y el cuerpo  -- Balaguer y la poes&#xED;a  -- Balaguer, poeta  -- El canon Balaguer  -- Con los griegos  -- Balaguer forever  -- El doctor Cordones de r&#xED;e  -- Buscando a Federico Garc&#xED;a Lorca  -- El tiempo, el tiempo  -- &#xBF;Hay un hombre en el balc&#xF3;n?  -- Los que comen solos  -- Perdido en la biblioteca  -- El palacio del Pr&#xED;ncipe -- Iglesias debajo de los puentes -- Como yo nadie baila el carabin&#xE9;  -- La muerte min&#xFA;scula, la muerte may&#xFA;scula  -- Ant&#xED;gona en las islas  -- El bufeo y los placeres  -- Mientras dorm&#xED;a...  -- El peat&#xF3;n es perro  -- Hemos topado con la iglesia  -- Se hacen pr&#xF3;logos  -- Elogio de la brevedad -- Bosch, el pol&#xED;tico del siglo  -- Como si el sur doliera  -- Retratos  -- Tristes tr&#xF3;picos -- De erratas y erritas -- Memorial por Manuel Rueda -- A&#xF1;o nuevo en Vieques  -- Cosas del autoritarismo  -- &#xBF;Qui&#xE9;n salvar&#xE1; a Eli&#xE1;n Gonz&#xE1;lez?  -- La rep&#xFA;blica n&#xE1;ufraga  -- La rep&#xFA;blica n&#xE1;ufraga (Segundo acto)  -- La rep&#xFA;blica n&#xE1;ufraga (Tercer acto)  -- La rep&#xFA;blica n&#xE1;ufraga (Cuarto acto)  -- Juan Bosch, el fracasado  -- En el museo de los relojes -- El componedor de relojes  -- Borges y el viaje  -- La esfera maravillosa  -- El mundo de un pa&#xED;s -- Esta noche, Juan  -- Leer a Ortega y Gasset  -- San Pedro de Macor&#xED;s en la obra de Mir  -- Nota final.</subfield>
  </datafield>
  <datafield tag="590" ind1=" " ind2=" ">
    <subfield code="6">Inventariado, 2021/VM</subfield>
  </datafield>
  <datafield tag="650" ind1=" " ind2="4">
    <subfield code="a">Ensayos Dominicanos </subfield>
    <subfield code="6">  </subfield>
  </datafield>
  <datafield tag="650" ind1=" " ind2="4">
    <subfield code="a">Literatura dominicana</subfield>
  </datafield>
  <datafield tag="651" ind1=" " ind2="4">
    <subfield code="a">Rep&#xFA;blica dominicana  </subfield>
    <subfield code="x">Emigraci&#xF3;n e Inmigraci&#xF3;n </subfield>
    <subfield code="v">Ensayos , coferencias, etc. </subfield>
  </datafield>
  <datafield tag="651" ind1=" " ind2="4">
    <subfield code="a">Rep&#xFA;blica Dominicana</subfield>
    <subfield code="x">Caracter&#xED;sticas Nacionales</subfield>
  </datafield>
  <datafield tag="700" ind1="1" ind2=" ">
    <subfield code="a">Di pietro, Giovanni</subfield>
    <subfield code="e">ed. </subfield>
  </datafield>
  <datafield tag="700" ind1="1" ind2=" ">
    <subfield code="a">L&#xF3;pez Ram&#xED;rez, Tom&#xE1;s,</subfield>
    <subfield code="e">pr&#xF3;l. </subfield>
  </datafield>
  <datafield tag="910" ind1=" " ind2=" ">
    <subfield code="a">VMateo</subfield>
  </datafield>
  <datafield tag="942" ind1=" " ind2=" ">
    <subfield code="2">ddc</subfield>
    <subfield code="c">BK</subfield>
  </datafield>
  <datafield tag="952" ind1=" " ind2=" ">
    <subfield code="0">0</subfield>
    <subfield code="1">0</subfield>
    <subfield code="2">ddc</subfield>
    <subfield code="4">0</subfield>
    <subfield code="7">0</subfield>
    <subfield code="8">CD</subfield>
    <subfield code="a">BPMET</subfield>
    <subfield code="b">BPMET</subfield>
    <subfield code="d">2021-04-14</subfield>
    <subfield code="e">Compra</subfield>
    <subfield code="o">BPMSU CD RD864.5 F727d, 2001</subfield>
    <subfield code="p">BPMSU21040016</subfield>
    <subfield code="r">2021-04-14</subfield>
    <subfield code="w">2021-04-14</subfield>
    <subfield code="y">BK</subfield>
  </datafield>
  <datafield tag="952" ind1=" " ind2=" ">
    <subfield code="0">0</subfield>
    <subfield code="1">0</subfield>
    <subfield code="2">ddc</subfield>
    <subfield code="4">0</subfield>
    <subfield code="7">0</subfield>
    <subfield code="8">CD</subfield>
    <subfield code="a">BPMET</subfield>
    <subfield code="b">BPMET</subfield>
    <subfield code="d">2021-04-14</subfield>
    <subfield code="e">Compra</subfield>
    <subfield code="o">BPMSU CD RD864.5 F727d, 2001</subfield>
    <subfield code="p">BPMSU21040017</subfield>
    <subfield code="r">2021-04-14</subfield>
    <subfield code="t">e.2</subfield>
    <subfield code="w">2021-04-14</subfield>
    <subfield code="y">BK</subfield>
  </datafield>
  <datafield tag="952" ind1=" " ind2=" ">
    <subfield code="0">0</subfield>
    <subfield code="1">0</subfield>
    <subfield code="2">ddc</subfield>
    <subfield code="4">0</subfield>
    <subfield code="7">0</subfield>
    <subfield code="8">CD</subfield>
    <subfield code="a">BPMET</subfield>
    <subfield code="b">BPMET</subfield>
    <subfield code="d">2021-04-14</subfield>
    <subfield code="e">Compra</subfield>
    <subfield code="o">BPMSU CD RD864.5 F727d, 2001</subfield>
    <subfield code="p">BPMSU21040018</subfield>
    <subfield code="r">2021-04-14</subfield>
    <subfield code="t">e.3</subfield>
    <subfield code="w">2021-04-14</subfield>
    <subfield code="y">BK</subfield>
  </datafield>
  <datafield tag="999" ind1=" " ind2=" ">
    <subfield code="c">13372</subfield>
    <subfield code="d">13372</subfield>
  </datafield>
</record>
